00741nai a2200193Ia 4500003000900000008004100009022002200050022002300072040001600095245004500111260008600156310001200242362002600254521006900280650003000349650003600379650004400415856008800459IN-BaIIA211028c9999 xx s 000 0 eng d a0163-6804 (Print) a1558-1896 (Online) cIIA Library 0aIEEE Communications Magazineh[eJournal] aNew York, USAbThe Institute of Electrical and Electronics Engineers, Inc. (IEEE) aMonthly a17(1); 1979 - Present bSubscribed through National Knowledge Resource Consortium (NKRC) a Computing and Processing a Signal Processing and Analysis aPower, Energy and Industry Applications uhttps://ieeexplore.ieee.org/servlet/opac?punumber=35yClick Here to Access eJournal